| 000 | 00545nam a22001817a 4500 | ||
|---|---|---|---|
| 005 | 20251108165546.0 | ||
| 008 | 250721s1988 xx 000 0 ara d | ||
| 082 | 1 | 4 | _aم/320.15809/يوس |
| 100 | 1 | _aخوري، يوسف | |
| 245 | 1 | 0 |
_aمشاريع الوحدة العربية 1913-1987 : _bوثائق / |
| 264 | 1 |
_aبيروت : _bمركز الوحدة العربية، _c1988. |
|
| 300 | _a734ص | ||
| 650 | 1 | 7 | _aالوحدة العربية |
| 650 | 1 | 7 | _aالتاريخ |
| 650 | 1 | 7 | _aالقومية |
| 942 |
_2ddc _cREF |
||
| 999 |
_c30755 _d30755 |
||